Greek Philosophy: A collection of texts, with notes and explanations. Vol. III : The Hellenistic - Roman period
Furkejuvvon:
| Váldodahkki: | |
|---|---|
| Materiálatiipa: | Girji |
| Giella: | English |
| Almmustuhtton: |
Leiden, Holanda
E. J. Brill
1973
|
| Preanttus: | Tercera edición |
| Fáttát: | |
| Fáddágilkorat: |
Lasit fáddágilkoriid
Eai fáddágilkorat, Lasit vuosttaš fáddágilkora!
|
MARC
| LEADER | 00000nam a2200000Ia 4500 | ||
|---|---|---|---|
| 008 | 170316s9999 xx 000 0 eng d | ||
| 040 | |a cru BVZT | ||
| 090 | |a H-100 V-1g v.3 | ||
| 100 | |a Vogel, C. J. de | ||
| 245 | |a Greek Philosophy: A collection of texts, with notes and explanations. Vol. III : The Hellenistic - Roman period |c C. J. de Vogel | ||
| 250 | |a Tercera edición | ||
| 260 | |a Leiden, Holanda | ||
| 260 | |b E. J. Brill | ||
| 260 | |c 1973 | ||
| 300 | |a 678 páginas. Vol. 3. | ||
| 650 | |a FILOSOFÍA |9 5 | ||
| 650 | |a HISTORIA |9 90 | ||
| 650 | |a FILÓSOFOS GRIEGOS | ||
| 650 | 0 | |a EN IDIOMA INGLÉS |9 129 | |
| 999 | |c 28859 |d 28859 | ||
| 942 | |c LIB |h H-100 V-1g v.3 |2 z | ||
